| 000 | 00433pab a2200145 454500 | ||
|---|---|---|---|
| 008 | 180718b xxu||||| |||| 00| 0 eng d | ||
| 100 | _aHuque Ahmed | ||
| 245 | _aPerformance of local councils in the collection of revenue in Bangladesh | ||
| 650 | _a Revenue | ||
| 650 | _a Local Government | ||
| 650 | _a Local Councils | ||
| 650 | _aLocal Government - Bangladesh | ||
| 773 | _aPublic Administration and Development | ||
| 909 | _a23099 | ||
| 999 |
_c23099 _d23099 |
||